[Event "Asia-ch"]
[Site "Kolkata"]
[Date "2001.08.14"]
[Round "7"]
[White "Yurtaev, Leonid"]
[Black "Egin, Vladimir"]
[Result "1-0"]
[WhiteElo "2543"]
[BlackElo "2451"]
[Annotator "Horn,Pe"]
[PlyCount "81"]
[EventDate "2001.08.09"]
[EventType "swiss"]
[EventRounds "11"]
[EventCountry "IND"]
[SourceTitle "CBM 085"]
[Source "ChessBase"]
[SourceDate "2001.11.13"]
[SourceVersion "1"]
[SourceVersionDate "2001.11.13"]
[SourceQuality "1"]

1. Nf3 d5 2. d3 Nf6 3. Nbd2 Nc6 4. c4 d4 5. g3 e5 6. Bg2 Be7 7. a3 a5 {Häufig
hat Weiß hier ein Tempo mehr (0-0), da Schwarz mit Bf8-b4(-e7) den N nach d2
lockt.} 8. Qa4 $146 {In ähnlicher Stellung wurde dies aber auch schon versucht:
Weiß gibt noch ein Tempo, um den Nf6 nach d7 zu holen.} (8. O-O) 8... Nd7 (8...
Bd7) 9. O-O Nc5 10. Qc2 a4 (10... O-O) 11. b4 axb3 12. Nxb3 O-O (12... Na4) 13.
Nxc5 Bxc5 14. Nd2 Bf5 15. Rb1 Ra7 (15... Bxa3 16. Rxb7 $14) 16. Rb5 Qe7 17. Nb3
{Erzwingt den Tausch des Ba3 gegen den Pa7. Danach gewinnt der Bg2 an Kraft.}
Bxa3 18. Bxa3 Rxa3 19. Rxb7 Nb4 $5 (19... Bc8 20. Rb5 (20. Bxc6 Bxb7 21. Bxb7
Rb8 $19) 20... Nb4 21. Qb2 Ra2 22. Qb1 Ra7 23. Nxd4 exd4 24. Qxb4 Qxe2 25. Qc5
$16) (19... Nd8 $5) 20. Qb2 Ra2 21. Qb1 {[%cal Rb3d4]} Ra4 (21... Ra6 $143 22.
Nxd4 exd4 23. Qxb4 Qxe2 24. Rb8 Bc8 25. Re1 c5 $8 26. Rxe2 cxb4 27. f4 $16) (
21... Raa8 $143 22. Nxd4 exd4 23. Rxb4 $16) (21... Ra3 $143 22. Nxd4 exd4 23.
Qxb4 Qxb4 24. Rxb4 $16) 22. Na5 Rxa5 {Ein Eingeständnis: der Tausch überläßt
Weiß die etwas bessere Stellung.} ({Konsequenter erscheint mir} 22... Bc8 23.
Rb8 Bd7 24. Rxf8+ Qxf8) 23. Rxb4 Bg4 24. Rb2 $14 {Weiß beherrscht die b-Linie
und hat die gesündere Bauernstruktur.} h5 ({Mir hätte} 24... f5 {besser
gefallen, aber auch hier steht Schwarz eine schwierige Verteidigung bevor.})
25. h3 Bd7 26. Rb8 c6 $2 {Warum schwächt Schwarz seine 7.Reihe ?} 27. Rb7 (27.
e3 $5) 27... Qd8 28. Qb2 Bc8 29. Rb8 Qc7 30. Rb1 Ra6 31. h4 Bg4 32. Be4 g6 33.
Rb7 Qd6 34. Qd2 Kg7 (34... Rfa8) 35. Qg5 Re8 $2 (35... Bd7 $16) (35... Ra5 $16)
36. c5 ({Hier war} 36. Bxg6 $1 {nicht schlecht:} Qxg6 37. Rxf7+ Kxf7 38. Rb7+
$18) 36... Qf6 37. Qxf6+ {Leitet in ein gewonnenes Endspiel über.} ({Es gewann
auch} 37. Rxf7+ Qxf7 38. Bxg6 Qe7 39. Bxe8+ Qxg5 40. hxg5 Bxe2 41. Rb7+ Kh8 42.
g6 Bxd3 43. g7+ Kh7 44. Bf7 Ra1+ 45. Kh2 Kxg7 46. Bc4+ $18) 37... Kxf6 38. R1b6
Ra1+ (38... Rxb6 39. cxb6 Bxe2 40. Bxc6 Rd8 41. Be4 Ke6 (41... Bg4 42. Ra7 $18)
42. Rc7 Bg4 43. b7 $18) 39. Kg2 Bxe2 (39... Rc8 40. Bxc6 $18) 40. Rxc6+ Re6 (
40... Kg7 41. Rxg6+ $18) 41. Rcc7 1-0

[Event "Bermuda-A"]
[Site "Bermuda"]
[Date "1995.??.??"]
[Round "4"]
[White "Norwood, David"]
[Black "Polgar, Sofia"]
[Result "1-0"]
[WhiteElo "2545"]
[BlackElo "2500"]
[Annotator "Horn,Pe"]
[PlyCount "57"]
[EventDate "1995.01.??"]
[EventType "tourn"]
[EventRounds "9"]
[EventCountry "BER"]
[EventCategory "10"]
[SourceTitle "CBM 046"]
[Source "ChessBase"]
[SourceDate "1995.06.01"]
[SourceVersion "1"]
[SourceVersionDate "1995.06.01"]
[SourceQuality "1"]

1. Nf3 d5 2. b3 Nf6 3. Bb2 Bf5 4. g3 e6 5. d3 Be7 6. Nbd2 O-O (6... h6) 7. Nh4
Bg4 8. h3 Bh5 9. g4 Nfd7 10. Ng2 Bg6 11. e3 (11. Nf4 {seems logical, but it
neglects the development.}) 11... e5 (11... Bf6 12. Bxf6 Qxf6 13. f4 $13) 12.
Qf3 c6 (12... e4 $5 13. dxe4 dxe4 14. Nxe4 Bxe4 15. Qxe4 Bf6 $132) 13. h4 h6 $2
(13... f6 $1) 14. Qg3 Re8 (14... f5 $13) 15. Be2 Bb4 $2 {This B seems to be
much more valuable than Nd2.} (15... e4 $6 16. Nf4 Bd6 (16... Bh7 17. g5 $40)
17. g5 $36) (15... a5 $5) 16. a3 $1 Bxd2+ 17. Kxd2 $16 c5 {/\ d4 (ץb2)} 18. f4
exf4 (18... f6 19. g5 $40) (18... d4 19. f5 Bh7 20. Bf3 $40) 19. Nxf4 $1 Nf8
20. g5 hxg5 21. hxg5 d4 22. exd4 cxd4 23. Qh2 Bh7 $8 24. g6 fxg6 $8 25. Bf3 Re5
(25... Nc6 26. Bd5+ Kh8 27. Qxh7+ Nxh7 28. Nxg6#) 26. Bxb7 Nc6 27. Bxc6 Rc8 28.
Qg2 g5 29. Bd5+ (29. Bd5+ Kh8 30. Rxh7+ Kxh7 (30... Nxh7 31. Ng6#) 31. Rh1#)
1-0

[Event "Dhaka"]
[Site "Dhaka"]
[Date "1995.??.??"]
[Round "4"]
[White "Rahman, Ziaur"]
[Black "Reefat, Bin Sattar"]
[Result "0-1"]
[WhiteElo "2445"]
[BlackElo "2430"]
[Annotator "Horn,Pe"]
[PlyCount "92"]
[EventDate "1995.??.??"]
[EventType "tourn"]
[EventRounds "13"]
[EventCountry "BAN"]
[EventCategory "9"]
[SourceTitle "CBM 048"]
[Source "ChessBase"]
[SourceDate "1995.10.01"]
[SourceVersion "1"]
[SourceVersionDate "1995.10.01"]
[SourceQuality "1"]

1. Nf3 d5 2. b3 Nf6 3. Bb2 e6 4. e3 c5 5. Bb5+ Nc6 6. O-O Bd6 7. c4 (7. Ne5 $1
{ist die alte Fortsetzung von Nimzowitsch.} Qb6 (7... Qc7 8. f4 (8. Bxc6+ bxc6
9. f4 O-O 10. Rf3 $1 Nd7 (10... Ne8 $5) 11. Rh3 g6 $2 (11... Nxe5 $2 12. fxe5
Bxe5 13. Qh5 f5 14. Qxh7+) (11... f5 12. Nxd7 Qxd7 13. Qh5 g6) 12. Qh5 {
1-0 Plachetka-Zinn/Decin 1984} (12. Qh5 Nf6 {Bellon-Pfleger/Olot/1972} 13. Ng4
$1 $18)) 8... a6 (8... O-O 9. Bxc6 bxc6 {->Plachetka-Zinn}) 9. Bxc6+ bxc6 10.
d3 Bb7 11. Nd2 O-O-O 12. Ndf3 h6 13. Qe1 Rhg8 14. e4 $16 {Petkevich,J-Nordahl,
H/Cappelle op/1993}) 8. Bxc6+ bxc6 9. d3 (9. f4 $1) 9... O-O 10. Nd2 Ne8 11. f4
f6 12. Nef3 a5 (12... c4 $5) 13. a4 c4 14. d4 e5 15. fxe5 fxe5 16. Nxe5 Rf6 17.
Nef3 Rh6 18. Ba3 c3 19. Nb1 Bb4 $17 {[%csl Rb1] Korning-Granberg/Mammut corr/
1984}) 7... O-O 8. Bxc6 bxc6 9. d3 Nd7 10. Nc3 f5 11. e4 $2 (11. Rc1 $14) 11...
d4 12. Ne2 $6 (12. Na4 f4 $15 (12... Nb6 $15)) 12... f4 $1 (12... fxe4 $6 13.
dxe4 Rxf3 14. gxf3 Qh4 15. Ng3 Ne5 16. Kh1 $16) 13. b4 $2 (13. g3 $13) 13... e5
14. bxc5 Nxc5 $17 {Schwarz kontrolliert das ganze Brett.} 15. Ba3 {Tauschen
ist grundsätzlich im Interesse von Weiß. Vielleicht hätte er aber etwas gegen
die folgende Fesselung tun sollen.} (15. Kh1 $5 Bg4 $140 16. Neg1) 15... Bg4 $1
16. Bxc5 (16. Nxe5 $2 Bxe2 17. Qxe2 Bxe5 18. Bxc5 f3 $1 $19) 16... Bxf3 17.
gxf3 {[%csl Rf2,Rf3,Rh2]} (17. Bxd6 $2 Qg5 18. g3 Qh5 19. Bxf8 Rxf8 $1 $19 {
[%cal Rh5h3]} (19... Qh3 $4 20. Nxf4 $18)) 17... Bxc5 18. Kh1 Qh4 {[%cal Rf8f6,
Rf6h6]} 19. Nc1 $2 (19. Ng1 $5 {/\ h3 bei Bedarf (Rh6)} Rf6 20. Qe2 $1 {
um gegebenfalls von f1 das Mattfeld g2 zu decken.} Rg6 21. Rfb1 $17) 19... Rf6
20. Rg1 Qh3 (20... Qxf2 21. Rg2 Qh4 22. Rb1 $19 {Auf Kosten eines P wirken die
weißen Figuren jetzt besser zusammen. Das Materialübergewicht sollte sich
zusammen mit der Perspektivlosigkeit des Nc1 dennoch durchsetzen.}) 21. Rb1 Rh6
22. Rg2 a5 23. Rb7 Rg6 $1 24. Rxg6 hxg6 {/\ g5-g4} 25. Nb3 Bb4 {[%csl Rb7]
[%cal Rh3c8]} 26. c5 $1 {[%cal Yb7e7] Weiß hat die Gefahr erkannt.} Re8 (26...
Kf8 $6) (26... Qc8 $6 27. Re7 a4 28. Rxe5 $1 $13) 27. a3 Bc3 (27... Bxa3 $2 28.
Nxa5 Bxc5 29. Nxc6 $10) 28. Nc1 a4 (28... g5) 29. Kg1 g5 {[%cal Re8e6,Re6h6]}
30. Qf1 {Verzweiflung} (30. Na2 Re6 31. Qxa4 (31. Nxc3 g4 32. fxg4 Rh6 33. Nxa4
f3 34. Qb3+ Kh7 35. Rxg7+ Kxg7 36. Qb7+ Kg6 37. Qxc6+ Kg5 $19) 31... Rh6 32.
Nxc3 g4 $19 33. Qa8+ Kh7 34. Rxg7+ Kxg7 35. Qb7+ Kg6 36. Qxc6+ Kg5 $19) (30.
Qxa4 Qxf3 31. Qc4+ (31. Qxc6 Qd1+ 32. Kg2 f3+ $19) 31... Kh8 32. Qf7 Qg4+ 33.
Kh1 Rg8 $19) 30... Qxf3 31. Qe2 g4 32. Qa2+ (32. Qxf3 gxf3 33. Na2 Ba5 34. h3
$19) 32... Kh7 33. Ne2 Rf8 34. Qe6 Be1 35. Rxg7+ Kxg7 36. Qe7+ Kg6 37. Qe6+ Kg7
38. Qxe5+ Kh6 39. Qe6+ Kg7 40. Qe5+ Rf6 41. Qg5+ Kf7 42. Qh5+ Ke7 43. Qe5+ Kd7
44. Qxd4+ Kc8 45. e5 g3 46. hxg3 fxg3 0-1

[Event "GER CupT final"]
[Site "Baden-Baden"]
[Date "2002.03.10"]
[Round "2.2"]
[White "Speelman, Jonathan S"]
[Black "Huebner, Robert"]
[Result "1-0"]
[WhiteElo "2596"]
[BlackElo "2628"]
[Annotator "Horn,Pe"]
[PlyCount "135"]
[EventDate "2002.03.08"]
[EventType "team"]
[EventRounds "2"]
[EventCountry "GER"]
[SourceTitle "CBM 088"]
[Source "ChessBase"]
[SourceDate "2002.03.21"]
[SourceVersion "1"]
[SourceVersionDate "2002.03.21"]
[SourceQuality "1"]
[WhiteTeam "Luebeck"]
[BlackTeam "Baden Oos"]
[WhiteTeamCountry "GER"]
[BlackTeamCountry "GER"]

1. Nf3 d5 2. b3 Bg4 3. e3 Nd7 4. Bb2 Ngf6 5. h3 Bh5 6. d3 e6 7. Nbd2 Bg6 {
Der Zug kam für mich unerwartet; einen Anfänger würde ich vielleicht mit
grundsätzlichen Ratschlägen zur Entwicklung der Figuren belästigen. Nach
widerwilligem Ablegen meiner Schablone fiel mir als Problem bei der
Entwicklung des Bf8 (z.B. nach d6) der Sturm Pg2-g4(-g5) ein: Pg7 ist
ungedeckt, so daß der Nf6 nach h5 muß, wo man sich schon ein wenig Gedanken um
seine Zukunft machen kann. Eine Probe mit der Megabase ergab, daß die meisten
Schwarzspieler in dieser Stellung zu dem gleichen Ergebnis kamen: sie griffen
zu neutralen Zügen wie c6 und a5, sogar vorsorglich zu h6.} ({Gespielt wurde} 
7... Bd6 {allerdings doch:} 8. g4 ({Klaus Bischoff griff (1999) zu} 8. Be2 {
, was R.Slobodjan mit} Bxf3 {beantwortete: schon wieder eine Überraschung.})
8... Bg6 9. g5 Nh5 10. Be2 h6 11. Nh4 Qxg5 12. Nxg6 fxg6 13. Bg4 O-O-O 14. h4
Qe7 15. Bxh5 gxh5 16. Qxh5 Ba3 17. Bxa3 Qxa3 {Chaves Garce,J-Madeira,W/
Brasilia 1985 .Weiß gewann diese Partie später; die schwarze Stellung gefällt
mir hier aber noch sehr gut.}) 8. g3 Bd6 9. Bg2 {Weiß folgt Königsindischen
Mustern. Man könnte hier Tempovergleiche mit der frühzeitigen Entwicklung
Bc8-f5 (Lasker) anstellen.} Qe7 ({In einer Vorgängerpartie sicherte Schwarz
seinen B mit} 9... h6 10. Qe2 Qe7 11. a3 e5 12. e4 c6 13. Nh4 Bh7 14. O-O {
Hier griff er mit} g5 $6 {zu drastischen Mitteln, die aber nicht belohnt
wurden.} 15. Nf5 Bxf5 16. exf5 O-O-O {Hobuss,U-Zelcic,R/Geneve 1996}) 10. a3
O-O 11. Qe2 c6 12. e4 e5 (12... dxe4 13. dxe4 e5 14. Nh4 $14) 13. Nh4 Rfe8 14.
O-O Nf8 $146 ({Instruktiv verlief eine Vorgängerpartie:} 14... Rad8 15. exd5
Nxd5 16. Nxg6 hxg6 17. Nc4 Bc7 18. Rae1 N7b6 19. Nd2 a5 20. Qd1 Bd6 21. Qa1 Qc7
22. Re2 $16 {Quinteros,M-Servat,R/Potrero de los Funes 1995}) 15. Rfe1 Rad8 $2
({Angebracht scheint mir die Vereinfachung} 15... dxe4 16. dxe4) 16. exd5 cxd5
({Bei der Alternative} 16... Nxd5 {fällt gegenüber der Partie Quinteros-Servat
die Einschaltung von Nf8/Rfe1 (auch) ungünstig für Schwarz aus.} 17. Nc4 f6 (
17... Bc7 18. Bxe5) 18. Nxd6 Qxd6 19. Nxg6 hxg6 20. Qe4 $16) 17. c4 {Die mit
dem letzten Zug eingeleitete Standardmethode wird durch die Konstellation Nh4/
Bg6 (Tausch bei Bedarf) begünstigt.} Bb8 (17... dxc4 18. Nxc4 $16) 18. d4 dxc4
({Mit dem radikalen} 18... e4 $6 19. cxd5 Qd7 20. Nxg6 Nxg6 {kompliziert
Schwarz das Spiel: für einen P werden seine Leute aktiv; Pe4-e3 liegt in der
Luft. Letztlich scheint mir aber auch hier Weiß in der Vorhand zu bleiben.})
19. dxe5 cxb3 20. Nxb3 N6d7 21. f4 $16 {Zu dem Läuferpaar (nach gelegentlichem
Nxg6) kommt ein gut unterstütztes Zentrum; Weiß darf sehr zufrieden sein.} Nc5
22. Nxg6 hxg6 (22... Nxg6 23. Nxc5 Qxc5+ 24. Kh2 $16) 23. Nxc5 Qxc5+ 24. Kh2 {
Das Gegenüber von Bb8 und Kh2 spornt die schwarzen Gedanken an.} (24. Kh1)
24... g5 ({Bei dem passiven} 24... Qe7 $6 {wären die schwarzen Aussichten
nicht rosig.}) 25. f5 ({Eine Annahme des Angebots} 25. Bxb7 {führt nach} gxf4
26. gxf4 Ng6 27. Rf1 Qa5 28. Bg2 Rd2 29. Qe1 {zu einer spannungsreichen
Stellung. Die aktiven Figuren versprechen Schwarz mehr Gegenspiel als bei 24...
Qe7.}) 25... Qa5 26. Qe3 Qd2 27. Bc3 Qc2 28. e6 ({Gefährlich sieht auch} 28.
Rac1 Qxf5 29. Be4 (29. Bxb7 g4) 29... Qe6 30. Qxg5 {aus.}) 28... fxe6 ({
Möglicherweise war hier} 28... Qxf5 {angebracht:} 29. exf7+ (29. Be4 Qxe6 30.
Qxg5 Qh6 31. Qxh6 gxh6 32. Bxb7 Rxe1 33. Bxe1 (33. Rxe1 $2 Rd3) 33... Be5 {
scheint relativ erträglich.}) 29... Kxf7 $1 (29... Qxf7 30. Qxg5 $16) 30. Be4 (
30. Qc1 $2 Rd3 $1 $19) (30. Rf1 Rxe3 31. Rxf5+ Kg6 32. Rf3 Rdd3 33. Rxe3 Rxe3
34. Be1 b5 $132) 30... Rxe4 $1 31. Qxe4 Bxg3+ 32. Kxg3 Rd3+ 33. Kg2 Qxh3+ 34.
Kf2 {Schwarz bekommt noch den Bc3 und Weiß den Pb7. Weiß fällt es hier nicht
leicht, einen Gewinn nachzuweisen, z.B.:} Qh2+ (34... Rxc3 35. Qxb7+ Qd7) 35.
Kf1 (35. Qg2 Qxg2+ 36. Kxg2 Rxc3 $17) 35... Rxc3 (35... Qh3+ 36. Ke2 Rxc3 37.
Qxb7+ Kg8) 36. Qxb7+ Kg8 37. Qd5+ Kh7 38. Ra2 Qh3+) 29. Rac1 Qxf5 30. Be4 Qf7
31. Qxg5 {[%cal Re1f1] Es droht Rf1 nebst Überführung der Q in die h-Linie.
Danach fällt es schwer, etwas gegen Rxf8 (Beseitigung des letzten Verteidigers)
zu finden.} Qe7 (31... Rd7 32. Rf1 $18) ({Leider klappt} 31... Nh7 {auch nicht:
} 32. Qh4 Qf2+ 33. Kh1 Nf8 34. Bxg7 $1 Qxg3 (34... Kxg7 35. Qg5+ Kh8 36. Rf1
$18) 35. Be5 $5 $18) 32. Qh5 {[%cal Re1f1]} Qf7 (32... Qd6 33. Re3 Qa6 {
Verhindert Rf1} 34. Rc2 {[%cal Rc2f2] Nun kommt er über f2.}) 33. Qxf7+ Kxf7
34. Bxb7 {Diese Endspiel ist ungünstig für Schwarz: zu dem weißen Läuferpaar
kommen noch die zersplitterten Bauern.} Rd3 (34... Nh7 {gefällt mir besser})
35. Rf1+ Kg8 (35... Ke7 36. Bb4+ Bd6 37. Be4 Rd4 38. Rc7+ Nd7 39. Bg6 $18) 36.
Rf3 Rxf3 37. Bxf3 Rc8 38. Bd2 Rd8 (38... Rxc1 39. Bxc1 {führt zu einem
Endspiel, wie es auch später in der Partie entsteht.}) 39. Bb4 Ng6 $2 {
vergrößert die schwarzen Probleme.} (39... Be5) 40. Bg4 Nf8 41. Kg2 Bd6 42. Rd1
Bc7 43. Rxd8 Bxd8 44. h4 {Trotz des reduzierten Bauernmaterials ist die
schwarze Lage kritisch.} Kf7 45. Bd1 Be7 {Schwarz gelingt es, das Läuferpaar
zu halbieren. Es verbleibt aber das weiße Bauernübergewicht am Königsflügel
mit der Möglichkeit, einen entfernten Freibauern zu binden. Außerdem ist der
der B dem N hier überlegen.} 46. Kf3 Nd7 47. Ke4 {Weiß hat die Chance,
irgendwann den Pa7 mit dem K zu erobern.} a5 (47... Nf6+ 48. Kd4) 48. Bxe7 Kxe7
49. g4 Kd6 50. g5 Nc5+ 51. Kf4 Nd3+ 52. Ke3 Nc5 (52... Nb2 53. Be2) (52... Ne5
53. h5 Ke7 54. Kd4 ({Aber nicht} 54. h6 $2 gxh6 55. gxh6 Kf6 $14) (54. Kf4)
54... Nf7 55. g6 Nd6 56. Kc5) 53. h5 Ke5 54. Bc2 Nd7 55. Kd2 (55. h6 gxh6 56.
gxh6 Kf6 57. Kd4 Ne5 58. h7 Nf7 59. Kc5 $18) 55... Kf4 56. h6 gxh6 57. gxh6 Ne5
58. h7 Nf7 59. Kc3 e5 60. Kc4 e4 61. Kb5 e3 62. Bd3 Ke5 (62... Kf3 63. Kxa5 e2
64. Bxe2+ Kxe2 65. a4 $18) 63. Kxa5 Kf6 64. Kb6 Kg7 65. a4 Ne5 66. Bf1 Nd7+ 67.
Kc6 Ne5+ 68. Kb6 (68. Kc7 $18) 1-0

[Event "Rimavska Sobota"]
[Site "Rimavska Sobota"]
[Date "1991.??.??"]
[Round "1"]
[White "Fries Nielsen, Jens Ove"]
[Black "Lutz, Christopher"]
[Result "0-1"]
[WhiteElo "2415"]
[BlackElo "2500"]
[Annotator "Horn,Pe"]
[PlyCount "84"]
[EventDate "1991.05.??"]
[EventType "tourn"]
[EventRounds "13"]
[EventCountry "CSR"]
[EventCategory "9"]
[SourceTitle "CBM 024"]
[Source "ChessBase"]
[SourceDate "1991.10.01"]
[SourceVersion "1"]
[SourceVersionDate "1991.10.01"]
[SourceQuality "1"]

1. Nf3 Nf6 2. g3 d5 3. b3 Bg4 4. Bb2 Bxf3 5. exf3 e6 6. Bg2 c5 $5 {passiver
wäre eine Aufstellung mit Nd7} 7. O-O Nc6 8. f4 Be7 9. d3 O-O 10. Nd2 a5 11. a4
Rc8 12. Re1 Nd7 13. Nf3 (13. f5 $5) 13... Qc7 14. Qe2 Bf6 15. c3 $6 {Weiß
möchte das Läuferpaar behaupten} (15. Ne5 $10) 15... Rce8 {/\ e5} 16. Nd2 Ne7 (
16... e5 17. Bxd5 exf4 18. Qf1 $14) 17. h4 Nf5 18. h5 h6 19. Rac1 Nd6 20. Rc2
b5 21. axb5 Nxb5 22. Ra1 Nd6 23. Ba3 a4 $1 24. bxa4 Qa5 25. d4 (25. Bb2 Rb8 $44
{/\ Rxb2}) 25... Qxa4 26. Rcc1 Qc6 27. Nf3 Nb5 28. Ne5 Bxe5 29. dxe5 $2 (29.
fxe5 $5) 29... Nxa3 30. Rxa3 c4 31. Raa1 Ra8 32. Rxa8 Rxa8 33. f5 exf5 34. Rd1
Ra5 35. Qe3 Qe6 36. Re1 Nc5 37. Rd1 Nd3 38. Qd4 f4 39. gxf4 Qg4 40. f3 Qxf4 41.
Rxd3 Ra1+ 42. Kf2 Ra2+ (42... Ra2+ 43. Kg1 (43. Kf1 Qg5) 43... Qg3 44. Rd2 Qe1+
) 0-1

[Event "Vrnjacka Banja"]
[Site "Vrnjacka Banja"]
[Date "1991.??.??"]
[Round "4"]
[White "Tosic, Miroslav"]
[Black "Mitkov, Nikola"]
[Result "1-0"]
[WhiteElo "2455"]
[BlackElo "2370"]
[Annotator "Horn,Pe"]
[PlyCount "88"]
[EventDate "1991.04.??"]
[EventType "tourn"]
[EventRounds "15"]
[EventCountry "YUG"]
[EventCategory "9"]
[SourceTitle "CBM 023"]
[Source "ChessBase"]
[SourceDate "1991.08.01"]
[SourceVersion "1"]
[SourceVersionDate "1991.08.01"]
[SourceQuality "1"]

1. Nf3 d5 2. b3 Nf6 3. e3 Bf5 4. h3 (4. Bb2 e6 5. Be2 Bd6 6. c4 Nbd7 7. Nc3 c6
8. O-O Qe7 $10 {Nimzowitsch-Torre, Baden-Baden 1925}) 4... e6 5. Bb2 h6 6. g4
Bh7 7. d3 Nbd7 8. Nbd2 Bd6 9. Bg2 Qe7 10. Qe2 Ba3 11. Bxa3 Qxa3 12. O-O g5 $6 (
12... O-O $10) (12... c6 $10) 13. Rfd1 O-O-O 14. c4 Rdg8 15. cxd5 exd5 16. Nf1
h5 17. Rac1 hxg4 18. hxg4 a6 (18... Nxg4 19. Nd4 Ngf6 20. Nb5 $16 (20. Rxc7+ $5
)) 19. Rc3 Kb8 (19... Nxg4 20. Nd4 Nge5 21. Rdc1 c6 22. b4 Qxb4 (22... Qa4 23.
Qb2 {/\ Ra3+-}) 23. Rb3 $146) (19... Qd6 20. Rdc1 c6 21. Nd4 $16) 20. Rdc1 c6
21. b4 $1 Qxb4 (21... Qa4 $2 22. Qb2 {/\ Ra3+-}) 22. Nd4 {/\ Nxc6} Ka8 23. Rb3
Qd6 24. Qb2 Rb8 25. Ra3 {/\ Rxc6} Ka7 26. e4 $5 dxe4 27. Ne3 Ne5 (27... exd3
28. Nc4 $40) 28. Rb1 {/\ Qb6,Rxa6} Qc7 29. Qc3 {/\ Nb5+-} Qd6 30. Ndf5 Bxf5 31.
Nxf5 Qc7 32. Qc5+ b6 $2 (32... Ka8 33. Rb6 Rbd8 (33... Nfd7 34. Raxa6+ bxa6 35.
Rxa6+ Kb7 36. Ra7+ $18) 34. Raxa6+ bxa6 35. Rxa6+ Kb8 36. Rb6+ Kc8 37. d4 $40)
33. Rxa6+ Kxa6 34. Qa3+ Kb7 35. Nd6+ Qxd6 36. Qxd6 Nfxg4 37. Qe7+ Kc8 38. Bxe4
Rb7 39. Bf5+ Kb8 40. Qd6+ Ka8 41. Bxg4 Nxg4 42. Rb4 Nh6 43. Ra4+ Ra7 44. Qxc6+
Kb8 1-0

[Event "Capablanca Memorial Elite 34th"]
[Site "Havana"]
[Date "1999.05.10"]
[Round "4"]
[White "Miles, Anthony John"]
[Black "Godena, Michele"]
[Result "1-0"]
[WhiteElo "2609"]
[BlackElo "2552"]
[Annotator "Horn,Pe"]
[PlyCount "77"]
[EventDate "1999.05.??"]
[EventType "tourn"]
[EventRounds "13"]
[EventCountry "CUB"]
[EventCategory "12"]
[SourceTitle "CBM 071"]
[Source "ChessBase"]
[SourceDate "1999.08.01"]
[SourceVersion "1"]
[SourceVersionDate "1999.08.01"]
[SourceQuality "1"]

1. Nf3 d5 2. b3 Nf6 3. Bb2 c6 4. e3 Bg4 5. Be2 Nbd7 6. d3 (6. Ne5 Bxe2 7. Qxe2
a5 8. a4 Nxe5 9. Bxe5 Nd7 10. Bb2 e5 11. O-O Bd6 12. d3 O-O 13. e4 Re8 14. Nd2
Nc5 $11 {Rosenlund,T-Hansen,C/Copenhagen 1983}) (6. O-O Bxf3 7. Bxf3 e5 8. c4
dxc4 9. bxc4 e4 10. Be2 Bd6 11. d4 h5 12. f4 exf3 13. gxf3 Ng4 $2 14. fxg4 Qh4
15. Rf2 $18 {Stein,B-Johansen,D/London 1985}) (6. h3 Bh5 7. O-O e6 8. c4 Bd6 9.
Nc3 O-O 10. Rc1 Qe7 11. Rc2 Bg6 12. d3 h6 $11 {Gaertner,G-Spiegel,W/Hohenems
1998}) (6. d4 {->D} g6 7. Nbd2 Bg7 8. O-O O-O 9. c4 $11 {Demers,C-Gentes,K/
CAN-chJ 1987}) 6... e6 7. h3 $146 (7. Nbd2 Bd6 8. h3 (8. Rc1 O-O 9. c4 Rc8 10.
Nf1 $2 Bb4+ 11. N3d2 Bxe2 12. Qxe2 dxc4 13. dxc4 Nc5 $17 {Tusznicka,J-Arnold,R/
Plock 1994}) (8. Nd4 Bxe2 9. Qxe2 Qe7 10. a4 Rc8 11. O-O O-O 12. f4 c5 13. Nb5
e5 $2 (13... Bb8) 14. Nxd6 (14. Nxa7 $16) 14... Qxd6 15. c4 Rfe8 $132 {Schmidt,
W-Kaeser,U/Liechtenstein 1988}) 8... Bxf3 9. Nxf3 (9. Bxf3) 9... O-O 10. O-O
Qe7 11. Re1 e5 12. Nd2 e4 (12... Ba3 $5) 13. c4 Rad8 14. Qc2 Bb8 15. cxd5 cxd5
16. dxe4 (16. Rac1 $14) 16... Rc8 17. Qb1 dxe4 $11 {Zietek Czerwonska,
B-Rzeczycka,B/Konin 1990}) 7... Bxf3 8. Bxf3 Bd6 9. Nd2 Qe7 10. O-O ({Mit} 10.
a3 {konnte Weiß unter Zeitverlust den Läufertausch verhindern:} Be5 11. d4)
10... Ba3 11. Qc1 Bxb2 12. Qxb2 O-O (12... e5) 13. c4 Rfd8 14. Be2 h6 15. Rac1
Rac8 16. Rc2 {[%cal Yf1c1]} e5 17. cxd5 cxd5 (17... Nxd5 $142 $11 {[%cal Yc6c5]
}) 18. Rfc1 Rxc2 19. Rxc2 ({Es scheint, daß Weiß die c-Linie mit} 19. Qxc2 {
nicht behaupten kann:} Nb6 20. Qc5 (20. Qc7 Qxc7 21. Rxc7 Rc8 $11) 20... Qxc5
21. Rxc5 Rc8 $11) 19... Nb8 (19... Nb6 20. Nf3 $14 (20. Qc1 $14)) 20. b4 a6 21.
a3 Nc6 22. Nb3 $36 {[%cal Yb3c5]} d4 (22... Ne8 23. d4) 23. exd4 exd4 (23...
Nxd4 24. Nxd4 Rxd4 25. Rc8+ Kh7 26. Qc2 $14 {Weiß beherrscht die c-Linie.}) 24.
Bf1 $14 {[%csl Rd4] Der Pd4 erscheint langfristig schwach, insbesondere wenn
der Bf1 auf der langen Diagonale (h1-a8) auftaucht.} h5 25. Nc5 Ne5 26. Re2 Qc7
27. Qd2 Ned7 28. Nxd7 Qxd7 (28... Rxd7) 29. g3 Qa4 30. Qc1 Re8 (30... Qd7) 31.
Rxe8+ Qxe8 32. Bg2 $16 {[%csl Rf6,Gg2] Der Nf6 ist dem Bg2 deutlich unterlegen.
} (32. Qc5) 32... Qe2 $2 (32... Qb5 {greift auch den Pd3 an, kontrolliert aber
zusätzlich f5 und deckt b7 (einmal).}) 33. Qc8+ $18 Kh7 34. Qf5+ Kg8 35. Bxb7
h4 36. g4 Qb2 37. g5 Nh5 38. Kg2 g6 39. Qe5 1-0